000
00309nam a22001337a 4500
008
181019b xxu||||| |||| 00| 0 eng d
020
_a
9780631230939
041
_a
eng
080
_a
612.39
100
_a
10
101
_a
nut
245
_a
The Cultural Politics Food Eating
_c
Watson.J.I
942
_2
udc
_c
BK
999
_c
50191
_d
50191